000 00873nam a2200277 i 4500
003 DO-SdBNP
005 20240530073928.0
006 a||||gr|||| 00| 0
007 ta
008 230704e2022 dr ac||| |||| 00| e spa d
020 _a9789945180145
040 _aDO-SdBNP
_bspa
_cBNPHU
_erda
082 4 _aRD861.44
_bD389d
_222
100 _4Del Villar, Lavinia
245 _aDe sueños, verdades y dudas /
_cLavinia Del Valle
264 1 _aMao, Valverde :
_bBúho,
_c2022
300 _a81 páginas :
_bIlustraciones, retratos ;
_c23 cm.
336 _2rdaconten
_atexto
_btxt
337 _2rdamedia
_asin medición
_bn
338 _2rdacarrier
_avolumen
_bnc
500 _aIncluye datos biográficos de la autora en la solapa de la cubierta.
590 _aInventariado 2023 / MF
650 0 _aNovela dominicana
_9223
650 4 _aLiteratura dominicana
942 _2ddc
_cLBS1
999 _c54089
_d54089